| 000 | 01146cab a22002055a 4500 | ||
|---|---|---|---|
| 001 | L144821 | ||
| 008 | 080812s2008 xxkd f s 000 0 eng d | ||
| 035 | _a(Sirsi) u144821 | ||
| 041 | 0 | _aeng | |
| 100 | 1 | _aThompson, Julian | |
| 245 | 0 | 0 | _aToo little, too late? |
| 260 | _c 2008 | ||
| 490 |
_aProperty Forecast _v11(7) July 2008, 2-3(2) |
||
| 520 | _aPresents the new measures of the Government to help the housing industry and the mixed response from the building sector. The measures, among others, include: increase of initial payments of contractors at the start of a project; enlarging the range of organisations building homes; reforms to mortgages; more flexibility to access the property market for first time buyers with a househod income of less than £60,000. Shows that for many the measures are not sufficient or are brought up too late to be of real help. Presents advantages and disadvantages for Registered Social Landlords and housing associations in this critical economic context. | ||
| 590 | _aKA | ||
| 650 | 2 | 4 | _aCREDIT CRUNCH |
| 651 | 4 |
_aEngland and Wales _y1543- |
|
| 690 | _aPROPERTY-PROPERTY MARKET | ||
| 942 | _n0 | ||
| 999 |
_c80602 _d80602 |
||